Hồ Chí Minh toàn tập. t.VI, 1950 - 1952 /
Đã lưu trong:
| Tác giả chính: | |
|---|---|
| Định dạng: | Sách giấy |
| Ngôn ngữ: | Vietnamese |
| Được phát hành: |
H. :
Chính trị Quốc gia,
1995.
|
| Phiên bản: | Xuất bản lần thứ hai. |
| Các nhãn: |
Thêm thẻ
Không có thẻ, Là người đầu tiên thẻ bản ghi này!
|
| Thư viện lưu trữ: | Thư viện Trường Đại học Đà Lạt |
|---|
| LEADER | 00702nam a2200289 4500 | ||
|---|---|---|---|
| 001 | DLU140163632 | ||
| 005 | ##20140818 | ||
| 040 | # | # | |a DLU |b vie |
| 041 | # | # | |a vie |
| 044 | # | # | |a vn |
| 082 | # | # | |a 895.922 8 |b HO-M |
| 100 | # | # | |a Hồ Chí Minh, |d 1890-1969. |
| 245 | # | # | |a Hồ Chí Minh toàn tập. |n t.VI, |p 1950 - 1952 / |c Hồ Chí Minh. |
| 250 | # | # | |a Xuất bản lần thứ hai. |
| 260 | # | # | |a H. : |b Chính trị Quốc gia, |c 1995. |
| 300 | # | # | |a 688 tr. ; |c 24 cm. |
| 990 | # | # | |a t.VI |
| 991 | # | # | |a GT |
| 992 | # | # | |a 0 |
| 994 | # | # | |a DLU |
| 900 | # | # | |a True |
| 911 | # | # | |a Đào Thị Thu Huyền |
| 925 | # | # | |a G |
| 926 | # | # | |a A |
| 927 | # | # | |a SH |
| 980 | # | # | |a Thư viện Trường Đại học Đà Lạt |